header

Chronicle of a war foretold (Record no. 176477)

MARC details
000 -LEADER
fixed length control field 01247nam a22003014a 4500
082 04 - DEWEY DECIMAL CLASSIFICATION NUMBER
Classification number 956.05/3
100 1# - MAIN ENTRY--AUTHOR NAME
Personal name Spector, Norman,
245 10 - TITLE STATEMENT
Title Chronicle of a war foretold
260 ## - PUBLICATION, DISTRIBUTION, ETC. (IMPRINT)
Place of publication Vancouver, B.C. ;
-- New York :
Name of publisher Douglas & McIntyre,
Year of publication 2003.
300 ## - PHYSICAL DESCRIPTION
Number of Pages xii, 180 p.
650 #0 - SUBJECT ADDED ENTRY--TOPICAL TERM
Topical Term Arab-Israeli conflict
856 40 - ELECTRONIC LOCATION AND ACCESS
Uniform Resource Identifier http://site.ebrary.com/lib/rucke/Doc?id=10312714

No items available.

© 2026 Rongo University
Contact us: librarian | system librarian | Rongo university